Statistics for 30 Richest European Cities by GDP

Click here to take the quiz!

General Stats

  • This quiz has been taken 508 times
  • The average score is 23 of 30

Answer Stats

Answer% Correct
1Paris
98%
5Berlin
93%
2Madrid
91%
7Barcelona
89%
3Milan
89%
8Rome
89%
6Amsterdam
87%
12Stockholm
86%
4Munich
85%
16Vienna
83%
18Brussels
82%
15Copenhagen
82%
14Frankfurt
82%
29Lisbon
82%
9Hamburg
81%
26Warsaw
80%
24Athens
79%
21Helsinki
78%
23Lyon
76%
30Prague
76%
19Marseille
74%
17Dublin
71%
10Rotterdam
70%
22Cologne
67%
28Turin
62%
20Düsseldorf
59%
13Stuttgart
58%
11Dortmund
38%
25Lille
35%
27Gothenburg
29%

Score Distribution

Percentile by Number Answered

Percent of People with Each Score

Your Score History

You have not taken this quiz